00409nam a2200157Ia 4500008004100000020000700041082001600048100001600064245003700080250000700117260003500124300002800159500001600187600003300203650001500236240925s9999 xx 000 0 und d aNA a891.123 MUS aMusa, Nisar 0aTeacher badalti huvi duniya main aNA aKarachi:bYouth Impactc,2017. aVIII,198p.b0fOriginal aInclude CIP aHumanities & Natural Science aLiterature